1208 1766 1553 1348 1946 1901 1207 1837 1903 1967 1076 1870 1717 1349 1411 1129 1445 1119 1918 1031 1135 1717 1364 1363 1730 1409 1292 1553 1325 1863 1933 1356 1888 1375 1942 1667 1339 1420 1939 1970 1112 1475 1656 1413 1931 1717 1268 1239 1547 1960 1021 1566 1011 1063 1769 1619 1410 1285 1122 1047 1974 1915 1837 1397 1770 1873 1984 1151 1424 1945 1246 1074 1658 1723 1057 1833 1533 1272 1902 1753 1025 1462 1063 1003 1827 1682 1512 1730 1115 1950 1221 1204 1529 1124 1145 1102 1502 1179 1177 BCNSPRNW ULIB Ver.6.0+V

เปลี่ยนเป็นภาษาไทย

Change to English
 แสดงรายละเอียดบรรณานุกรม
  กลับหน้าหลัก

Brief Record : Get Marc (ISO 2709) : E-mail record : QR code < ปิดหน้าต่าง
LEADER : 00000nam 2200000uu 4500
001    13399123136
003     ULIB
008    140401s2553||||th 000 0 tha d
020    9789742257958
050    ^aBF637 ศ481ข
100    ^aฐิตินาถ ณ พัทลุง
245    ^aเข็มทิศหัวใจ 2 ตอน เสียงแห่งความสุข/^cฐิตินาถ ณ พัทลุง
260    ^aกรุงเทพฯ :^bไทยยูเนี่ยนกราฟิกส์,^c2553
300    ^a159 หน้า :^bภาพประกอบ หน้า
650    ^aความสำเร็จแง่จิตวิทยา
650    ^a จิตวิทยาพัฒนาตนเอง
945    ^p190^l0^i034400
999    ^aเกษร โพธิ์สุวรรณ
รายการนี้ยังไม่มีแท็ก
คุณยังไม่ได้ล็อกอิน คุณสามารถมีกิจกรรมร่วมกับเว็บไซต์ได้ แต่ต้องล็อกอินก่อน ::
  ล็อกอิน

รายการสื่อสารสนเทศ

ลำดับที่ ประเภท เลขเรียก/บาร์โค้ด สถานที่ สถานะ
1. การศึกษาทั่วไป
การศึกษาทั่วไป
สถานะ=หนังสือเก่า
BF637 ศ481ข ฉ.1 
  Barcode: 034400
ห้องสมุดวิทยาเขตสวรรค์ประชารักษ์
►หนังสือทั่วไป
ถูกยืม กำหนดส่งวันที่ 4 กรกฎาคม 2568
  จอง

รายการใกล้เคียง
    ผู้แต่ง [ฐิตินาถ ณ พัทลุง]

    หัวเรื่อง [ความสำเร็จแง่จิตวิทยา]
    หัวเรื่อง [จิตวิทยาพัฒนาตนเอง]

BibComment


ยังไม่เคยถูกคอมเมนท์

คอมเมนท์ทรัพยากรรายการนี้
  คอมเมนท์: เข็มทิศหัวใจ 2 ต..


 Copyright 2026. Bcnsprnw @Library